| 000 | 00499nam a22001937a 4500 | ||
|---|---|---|---|
| 003 | BD-ChCU | ||
| 005 | 20250721101230.0 | ||
| 008 | 250721b ii ||||| |||| 00| 0 ben d | ||
| 020 | _a9789354661808 | ||
| 040 | _cBD-ChCU | ||
| 082 |
_222 _a570.15195 P984b |
||
| 100 |
_aKumar, Sudhir _910915 |
||
| 245 |
_aBiostatistics / _cSudhir Kumar |
||
| 250 | _a1 ed. | ||
| 260 |
_aNew Delhi : _bCBS Pub., _cc2022 |
||
| 300 |
_a312p. : _c22 cm |
||
| 650 | 0 |
_aBiostatistics _910916 |
|
| 942 |
_2ddc _cBK _n0 |
||
| 999 |
_c107125 _d107125 |
||